Statistics for Number Three in Different Languages

Click here to take the quiz!

General Stats

  • This quiz has been taken 50 times
  • The average score is 7 of 20

Answer Stats

HintAnswer% Correct
EnglishThree
100%
SpanishTres
94%
GermanDrei
77%
PortugueseTrês
74%
ItalianTre
71%
FrenchTrois
69%
LatinTribus
43%
SwedishTre
34%
PolishTrzy
31%
DutchDrie
23%
AfrikaansDrie
23%
TurkishÜç
20%
FinnishKolme
17%
EstonianKolm
11%
SwahiliTatu
9%
IndonesianTiga
9%
RomanianTrei
9%
VietnameseBa
3%
SomaliSaddex
0%
JavaneseTelung
0%

Score Distribution

Percentile by Number Answered

Percent of People with Each Score

Your Score History

You have not taken this quiz